[Event "1st Asian Clubs"]
[Site "Al Ain UAE"]
[Date "2008.12.28"]
[Round "4"]
[White "Vakhidov,T"]
[Black "Al Qudaimi,B"]
[Result "1-0"]
[WhiteElo "2515"]
[BlackElo "2464"]

1.d4 d5 2.Nf3 Nf6 3.c4 c6 4.Nc3 a6 5.cxd5 cxd5 6.Bf4 Nc6 7.Rc1 Bf5 8.e3 e6
9.Qb3 Ra7 10.Be2 Be7 11.Ne5 O-O 12.Nxc6 bxc6 13.O-O Qa8 14.Na4 Rb7 15.Qd1 Rc8
16.Bd3 Bxd3 17.Qxd3 Nd7 18.Rc2 a5 19.Rfc1 Ra7 20.h3 Qb7 21.Rc3 Qb4 22.Qc2 g5
23.Bg3 Ra6 24.Rb3 Qxa4 25.Rb8 Rxb8 26.Qxa4 Rxb2 27.Rxc6 Rxc6 28.Qxc6 Nf8
29.a4 Ra2 30.Bc7 Bb4 31.Qe8 Kg7 32.Qd8 Ng6 33.Bxa5 Rxa4 34.Bxb4 Rxb4 35.Qxg5 Rb1+
36.Kh2 Rf1 37.Qg3 h5 38.h4 Re1 39.f3 Re2 40.Qg5 f6 41.Qxh5 Rxe3 42.Qg4 Kf7
43.h5 Ne7 44.h6  1-0

[Event "1st Asian Clubs"]
[Site "Al Ain UAE"]
[Date "2008.12.28"]
[Round "4"]
[White "Kakageldyev,A"]
[Black "Bui Vinh"]
[Result "0-1"]
[WhiteElo "2449"]
[BlackElo "2507"]

1.d4 d5 2.c4 c6 3.Nf3 Nf6 4.Nc3 a6 5.e3 b5 6.cxd5 cxd5 7.Bd3 Bb7 8.O-O e6
9.Ne5 Bd6 10.a4 b4 11.Ne2 O-O 12.Bd2 a5 13.Rc1 Nbd7 14.Nxd7 Qxd7 15.f3 Rfc8
16.Rxc8+ Rxc8 17.b3 Qc7 18.h3 e5 19.dxe5 Bxe5 20.Be1 Nd7 21.Bb5 Nc5 22.Nd4 Ne6
23.Nxe6 fxe6 24.f4 Bf6 25.Qg4 Qe7 26.Bd3 Rc6 27.Qe2 Rc8 28.Bf2 Rc3 29.Rb1 e5
30.Be1 Rc8 31.fxe5 Qxe5 32.Bd2 Be7 33.Rf1 Bd6 34.Rf3 Re8 35.Qf2 d4 36.Bc4+ Kh8  0-1

[Event "Christmas Master Open"]
[Site "Zurich SUI"]
[Date "2008.12.29"]
[Round "5"]
[White "Moor,O"]
[Black "Haas,Ca"]
[Result "1-0"]
[WhiteElo "2365"]
[BlackElo "2209"]

1.d4 d5 2.c4 c6 3.Nf3 Nf6 4.Nc3 a6 5.a4 a5 6.g3 g6 7.Bg2 dxc4 8.O-O Bg7 9.h3 Na6
10.e4 Nb4 11.Qe2 b6 12.Rd1 O-O 13.Ne5 Nd7 14.Nxc4 Ba6 15.Na2 Nxa2 16.Rxa2 e5
17.dxe5 Bxc4 18.Qxc4 Nxe5 19.Rxd8 Nxc4 20.Rxa8 Rxa8 21.b3 Rd8 22.Rc2 Rd1+
23.Bf1 Ne5 24.Kg2 c5 25.Be2 Rd4 26.Rd2 Rxd2 27.Bxd2 Nc6 28.Bc4 Kf8 29.Bd5 Ne5
30.f4 Nd7 31.Kf3 Bd4 32.e5 Ke7 33.g4 g5 34.Ke4 f6 35.e6 Nf8 36.f5 h6 37.Kd3 Be5
38.Kc4  1-0

[Event "Masters"]
[Site "Hastings ENG"]
[Date "2008.12.30"]
[Round "3"]
[White "Fernandez Fernandez,JuanC"]
[Black "Lock,G"]
[Result "1/2-1/2"]
[WhiteElo "2062"]
[BlackElo "2252"]

1.d4 d5 2.c4 c6 3.Nc3 Nf6 4.Nf3 a6 5.e3 b5 6.b3 Bg4 7.Be2 e6 8.O-O Nbd7 9.h3 Bh5
10.Bb2 Bd6 11.Ne5 Bxe2 12.Nxe2 Qc7 13.cxd5 cxd5 14.Rc1 Qb8 15.Nxd7 Kxd7 16.Qd3 Qb7
17.Rc2 Rhc8 18.Rfc1 Rxc2 19.Qxc2 b4 20.f3 a5 21.Kf2 Ra6 22.Qd3 Rc6 23.g4 h6
24.Rc2 Ke7 25.Kg2 Bb8 26.a3  1/2-1/2

[Event "5th Open"]
[Site "Vandoeuvre les Nancy FRA"]
[Date "2008.12.30"]
[Round "9"]
[White "Marzolo,C"]
[Black "Svetushkin,D"]
[Result "0-1"]
[WhiteElo "2484"]
[BlackElo "2588"]

1.d4 d5 2.Nf3 Nf6 3.c4 c6 4.Nc3 a6 5.c5 Bf5 6.Bf4 Nbd7 7.e3 e6 8.Be2 Bg4
9.h3 Bxf3 10.Bxf3 Be7 11.g4 O-O 12.b4 Ne8 13.Bg3 Bh4 14.Bh2 Qe7 15.O-O Bf6
16.Re1 Qd8 17.Bg2 e5 18.dxe5 Bxe5 19.Bxe5 Nxe5 20.Qd4 Ng6 21.e4 dxe4 22.Qxd8 Rxd8
23.Nxe4 Nf6 24.Nd6 Rd7 25.a4 Nf4 26.b5 N6d5 27.bxc6 bxc6 28.Bf1 a5 29.Nc4 Ra7
30.Ne5 Nb4 31.Rad1 g6 32.Re4 Re7 33.Rde1 Rfe8 34.Rxf4 Rxe5 35.Rxe5 Rxe5 36.Bc4 Nd5
37.Bxd5 Rxd5 38.Rc4 Kg7 39.Kg2 Kf6 40.f4 h5 41.Kg3 hxg4 42.hxg4 g5 43.Kf3 Rd3+
44.Ke4 Rg3 45.fxg5+ Kxg5 46.Ke5 Rd3 47.Ke4 Rd5 48.Kf3 f6 49.Ke2 Rd7 50.Re4 Rd5
51.Rc4 Re5+ 52.Kf2 f5 53.gxf5 Kxf5 54.Kf3 Ke6  0-1

[Event "17th Donau Open"]
[Site "Aschach AUT"]
[Date "2008.12.31"]
[Round "7"]
[White "Neubauer,M"]
[Black "Neuman,P"]
[Result "1/2-1/2"]
[WhiteElo "2422"]
[BlackElo "2455"]

1.d4 d5 2.c4 c6 3.Nf3 Nf6 4.Nc3 a6 5.c5 Nbd7 6.Bf4 Nh5 7.Bd2 Nhf6 8.Bf4 Nh5
9.Bd2 Nhf6 10.Rc1 g6 11.h3 Bg7 12.Bf4 Ne4 13.e3 Nxc3 14.Rxc3 O-O 15.Be2 Re8
16.O-O e5 17.Bh2 exd4 18.exd4 Nf8 19.Qd2 Bf5 20.Rb3 Ra7 21.Ne5  1/2-1/2

[Event "Masters"]
[Site "Hastings ENG"]
[Date "2009.01.01"]
[Round "5"]
[White "Williams,Si1"]
[Black "Lock,G"]
[Result "1-0"]
[WhiteElo "2494"]
[BlackElo "2252"]

1.d4 d5 2.c4 c6 3.Nc3 Nf6 4.Nf3 a6 5.h4 h6 6.g3 dxc4 7.Ne5 b5 8.Bg2 Bb7 9.a4 e6
10.O-O Nd5 11.e4 Nxc3 12.Qf3 Ne2+ 13.Kh2 Qf6 14.Qxe2 g5 15.Ng4 Qxd4 16.Rd1 Qg7
17.Bd2 Be7 18.axb5 O-O 19.Bc3 f6 20.Qxc4 Kh8 21.hxg5 hxg5 22.Rh1 Qf7 23.Kg1+ Kg7
24.bxc6 Nxc6 25.Nh6  1-0

[Event "TCh-BEL 2008-9"]
[Site "Belgium BEL"]
[Date "2009.01.04"]
[Round "6"]
[White "Meessen,R"]
[Black "Friess,N"]
[Result "1-0"]
[WhiteElo "2303"]
[BlackElo "2210"]

1.d4 d5 2.c4 c6 3.Nf3 Nf6 4.Nc3 a6 5.a4 e6 6.Bg5 a5 7.e3 Be7 8.Bd3 Na6 9.Ne5 Nb4
10.Bb1 b6 11.b3 Bb7 12.O-O O-O 13.Qf3 h6 14.Bf4 c5 15.Rd1 Qc8 16.Qh3 Rd8
17.Nb5 Nc6 18.cxd5 Nxd5 19.Bxh6 gxh6 20.Qxh6 Nf6 21.Ng4 Rd5 22.Nxf6+ Bxf6
23.Bh7+ Kh8 24.Bg6+  1-0

[Event "14th Open"]
[Site "Bosnjaci CRO"]
[Date "2009.01.04"]
[Round "3"]
[White "Zivanic,M"]
[Black "Solic,K"]
[Result "1-0"]
[WhiteElo "2463"]
[BlackElo "2204"]

1.d4 d5 2.c4 c6 3.Nf3 Nf6 4.Nc3 a6 5.a4 e6 6.Bg5 Nbd7 7.e3 Be7 8.cxd5 Nxd5
9.Bxe7 Qxe7 10.Bd3 O-O 11.O-O a5 12.Rc1 Nb4 13.Bc4 e5 14.d5 cxd5 15.Nxd5 Nxd5
16.Qxd5 e4 17.Nd4 Nb6 18.Qb5 Nxc4 19.Rxc4 b6 20.Qxb6 Ba6 21.Rc7 Qg5 22.Rfc1 Bd3
23.Qc5 Qxc5 24.R1xc5 g6 25.h4 h5 26.Nc6 Be2 27.Re5 Ra6 28.Rxa5 Rb6 29.b4  1-0

[Event "1st Open"]
[Site "Gurgon IND"]
[Date "2009.01.22"]
[Round "2"]
[White "Hegde,R1"]
[Black "Neelotpal,D"]
[Result "0-1"]
[WhiteElo "2213"]
[BlackElo "2490"]

1.Nf3 Nf6 2.c4 c6 3.d4 d5 4.Nc3 a6 5.a4 e6 6.Bg5 Be7 7.e3 a5 8.Be2 O-O 9.O-O Na6
10.Bxf6 Bxf6 11.e4 g6 12.h4 h5 13.cxd5 cxd5 14.e5  0-1

[Event "1st Open"]
[Site "Gurgon IND"]
[Date "2009.01.22"]
[Round "2"]
[White "Lalith,B"]
[Black "Anilkumar,O"]
[Result "1-0"]
[WhiteElo "2477"]
[BlackElo "2207"]

1.Nf3 d5 2.d4 c6 3.c4 Nf6 4.Nc3 a6 5.c5 Bf5 6.Bf4 Nbd7 7.e3 e6 8.Nd2 Bg6
9.Be2 Be7 10.b4 b5 11.Nb3 O-O 12.Bd3 Nh5 13.Bg3 Nxg3 14.hxg3 e5 15.Bxg6 fxg6
16.e4 exd4 17.Nxd4 Bf6 18.O-O Bxd4 19.Qxd4 dxe4 20.Nxe4 Nf6 21.Nd6 Nd5 22.Rae1 Qf6
23.Qg4 Ra7 24.Re6 Qb2 25.Re8 Rxe8 26.Nxe8 Qe5 27.Qc8 Ne7 28.Qd8 Kf7 29.Nd6+ Ke6
30.Qf8 Rc7 31.Qf7+ Kd7 32.Rd1 Qe2 33.Rd4 Qe5 34.Qe8+ Ke6 35.Re4 Qxe4 36.Nxe4  1-0

[Event "TCh-HUN 2008-9"]
[Site "Budapest HUN"]
[Date "2009.01.25"]
[Round "6"]
[White "Hardicsay,P"]
[Black "Farago,S"]
[Result "1-0"]
[WhiteElo "2284"]
[BlackElo "2251"]

1.d4 d5 2.Nf3 Nf6 3.c4 c6 4.Nc3 a6 5.c5 g6 6.Bf4 Nh5 7.Bd2 Bg7 8.Rc1 O-O
9.h3 f5 10.Qb3 f4 11.e4 fxe3 12.Bxe3 Nf4 13.g3 Nd3+ 14.Bxd3 Rxf3 15.Be2 Rf7
16.f4 Nd7 17.Na4 Nf6 18.Nb6 Rb8 19.Nxc8 Qxc8 20.Kf2 Qe6 21.Rce1 g5 22.Kg2 Ne4
23.Bg4 Qg6 24.f5 Rxf5 25.Bxf5 Qxf5 26.Rhf1 Qg6 27.g4 e5 28.dxe5 Bxe5 29.Rf5 Bg7
30.Bg1 Kh8 31.Bh2 Rg8 32.Qxb7 Nxc5 33.Qe7 Ne4 34.Be5 h6 35.Rf8 Bxe5 36.Qxe5+ Kh7
37.Ref1 Rg7 38.Qb8 Qe6 39.Re8 Qd7 40.Rff8 Kg6 41.Qe5 h5 42.Re6+ Kh7 43.Qf5+  1-0

[Event "1st Open"]
[Site "Gurgon IND"]
[Date "2009.01.26"]
[Round "7"]
[White "Gleizerov,E"]
[Black "Suvrajit,S"]
[Result "1-0"]
[WhiteElo "2544"]
[BlackElo "2368"]

1.d4 d5 2.c4 c6 3.Nf3 Nf6 4.Nc3 a6 5.Ne5 e6 6.g3 b5 7.c5 Nfd7 8.Nd3 e5 9.dxe5 Nxc5
10.Bg2 Bf5 11.Nxc5 Bxc5 12.e4 dxe4 13.Qxd8+ Kxd8 14.Nxe4 Bb4+ 15.Bd2 Bxe4
16.Bxe4 Bxd2+ 17.Kxd2 Re8 18.f4 f6 19.Bxh7 fxe5 20.Bg6 Re7 21.Rhf1 Nd7 22.Rac1 exf4
23.Rxf4 Kc7 24.Be4 Ne5 25.Kc2 Rd8 26.h4 Nc4 27.b3 Ne3+ 28.Kb1 Rd6 29.Rc3 Nd5
30.Bxd5 Rxd5 31.Rg4 a5 32.Kb2 Re2+ 33.Rc2 Rxc2+ 34.Kxc2 Rd7 35.Rg6 Kb6 36.Rg5 b4
37.h5 c5 38.g4 Kb5 39.Rf5 Rd4 40.g5 Rh4 41.g6 a4 42.bxa4+ Kxa4 43.Rxc5 Rh2+
44.Kd3 Ka3 45.Ra5+ Kb2 46.Ke3 Rh4 47.Kf3 Rc4 48.Kg3 Rd4 49.Ra7 Rd3+ 50.Kf4 Rd4+
51.Ke5 Rh4 52.Ke6 Rxh5 53.Kf7 Rh3 54.Ra4 Kc3 55.Kxg7  1-0

[Event "7th Gibtelecom Masters"]
[Site "Caleta ENG"]
[Date "2009.01.31"]
[Round "5"]
[White "Cramling,P"]
[Black "Houska,Jo"]
[Result "1-0"]
[WhiteElo "2548"]
[BlackElo "2392"]

1.d4 Nf6 2.Nf3 d5 3.c4 c6 4.Nc3 a6 5.h3 e6 6.c5 b6 7.cxb6 Nbd7 8.e3 c5 9.Bd3 Bb7
10.O-O Be7 11.b3 O-O 12.Bb2 cxd4 13.exd4 Qxb6 14.Qe2 Rfc8 15.Rac1 Qa5 16.Na4 Ne4
17.a3 Bc6 18.Nc5 Qb6 19.b4 Nexc5 20.dxc5 Qb7 21.Nd4 Bf6 22.f4 Re8 23.Nxc6 Qxc6
24.Bxf6 Nxf6 25.b5 axb5 26.Bxb5 Qc7 27.Bxe8 Nxe8 28.Qe3 g6 29.Rb1 Nf6 30.Rfc1 Qa7
31.Rb3 Qa4 32.Rb4 Qa7 33.a4 Ne4 34.Qd4 Qc7 35.Qe5 Qa7 36.Kh2 Nxc5 37.Qd4 Na6
38.Rc8+ Rxc8 39.Qxa7 Nxb4 40.a5 Rc4 41.Kg3 Kg7 42.Qb8 h6 43.Qe5+ Kg8 44.Qd6 Rc3+
45.Kh2 Rc4 46.Qe5 Nc6 47.Qc7 Nxa5 48.Qxa5 Rxf4 49.Qd2 g5 50.g3 Re4 51.Qb2 d4
52.Kg2 Kg7 53.Kf2 e5 54.Qb7 Re3 55.Qe7 Re4 56.Qd7 Re3 57.Qc7 Kg8 58.Qc8+ Kh7
59.Qf8 Kg6 60.Qg8+ Kf6 61.Qh7 Ke6 62.Qxh6+ f6 63.Qf8 e4 64.Qe8+ Kd6 65.Qb5 Rc3
66.Qb4+ Kd5 67.Qb7+ Ke5 68.Qe7+ Kd5 69.h4 Rf3+ 70.Kg2 gxh4 71.gxh4 d3 72.h5 Kd4
73.h6 d2 74.h7 Ke3 75.Qc5+ Ke2 76.Qc4+ Ke3 77.Qd5 Rf2+ 78.Kg3 Rf3+ 79.Kg2 Rf2+
80.Kg1 Rf5 81.Qxf5 d1=Q+ 82.Qf1 Qg4+ 83.Kh2 Qg7 84.Qg1+  1-0

[Event "7th Gibtelecom Masters"]
[Site "Caleta ENG"]
[Date "2009.01.31"]
[Round "5"]
[White "Cmilyte,V"]
[Black "Sanchez,Lo"]
[Result "1-0"]
[WhiteElo "2497"]
[BlackElo "2263"]

1.d4 d5 2.c4 c6 3.Nf3 Nf6 4.Nc3 a6 5.e3 b5 6.c5 Nbd7 7.Bd2 a5 8.a3 Qc7 9.b4 e5
10.Nxb5 cxb5 11.Bxb5 exd4 12.exd4 axb4 13.axb4 Rxa1 14.Qxa1 Be7 15.O-O O-O
16.Qa2 Bb7 17.c6 Ra8 18.Qb2 Bxc6 19.Rc1 Rb8 20.Bxc6 Qb6 21.b5 Bd6 22.Qa2 Qd8
23.Bxd5 Rxb5 24.Bxf7+ Kh8 25.Bc4  1-0

[Event "FINEC GM"]
[Site "St Petersburg RUS"]
[Date "2009.01.31"]
[Round "4"]
[White "Savchenko,S"]
[Black "Matlakov,M"]
[Result "1/2-1/2"]
[WhiteElo "2572"]
[BlackElo "2487"]

1.d4 d5 2.Nf3 Nf6 3.c4 c6 4.Nc3 a6 5.a4 e6 6.g3 Bb4 7.Bg2 Nbd7 8.O-O a5 9.Nd2 b6
10.e4 Ba6 11.e5 Ng8 12.Qg4 g6 13.Rd1 Nh6 14.Qf4 Nf5 15.cxd5 exd5 16.Bh3 Nf8  1/2-1/2

[Event "Open"]
[Site "Moscow RUS"]
[Date "2009.02.01"]
[Round "2"]
[White "Kashlinskaya,A"]
[Black "Bryzgalin,K"]
[Result "1-0"]
[WhiteElo "2303"]
[BlackElo "2537"]

1.d4 d5 2.c4 c6 3.Nf3 Nf6 4.Nc3 a6 5.c5 Nbd7 6.Bf4 Nh5 7.Be3 g6 8.g4 Nhf6
9.h3 Bg7 10.Bg2 O-O 11.O-O Re8 12.Bf4 h5 13.g5 Ne4 14.Qd3 e5 15.Nxe5 Nxe5
16.Bxe5 Nxc5 17.Qg3 Ne6 18.Bxg7 Kxg7 19.Qe5+ Kg8 20.h4 Qb6 21.Rad1 Qxb2 22.Rd3 Ng7
23.Qg3 Bf5 24.Rb1 Qa3 25.Ne4 Qxa2 26.Nf6+ Kh8 27.Rxb7 Bxd3 28.exd3 Qa1+ 29.Kh2 Qxd4
30.Rxf7 Rf8 31.Rd7 a5 32.Be4 Rxf6 33.gxf6 Qxf6 34.Bxg6 Rf8 35.Ra7 Qd4 36.Rf7 Qb4
37.d4 Qb8 38.Kh1 Kg8 39.Rc7  1-0

[Event "7th Gibtelecom Masters"]
[Site "Caleta ENG"]
[Date "2009.02.02"]
[Round "7"]
[White "Bellon Lopez,JuM"]
[Black "Peredy,F"]
[Result "1-0"]
[WhiteElo "2440"]
[BlackElo "2252"]

1.Nf3 Nf6 2.c4 c6 3.Nc3 d5 4.d4 a6 5.h3 dxc4 6.Ne5 c5 7.dxc5 Qxd1+ 8.Kxd1 Be6
9.e4 Nbd7 10.Nxd7 Nxd7 11.Be3 Rc8 12.Na4 g6 13.Bd4 Rg8 14.g4 Bg7 15.Be3 g5
16.Kc2 h6 17.Rd1 Be5 18.Bg2 f6 19.Rd2 Rc7 20.Rhd1 Bf4 21.Bxf4 gxf4 22.c6 Rxc6
23.e5 Rc7 24.exf6 Nxf6 25.Re1 Bf5+ 26.Kc3 Bd3 27.b4 h5 28.Bf3 hxg4 29.hxg4 Nxg4
30.Nc5 b6 31.Ne6 Ra7 32.Nxf4 Nf6 33.Re6 b5 34.Nxd3 cxd3 35.Rxd3 Kf7 36.Rb6 Rc8+
37.Kb3 Rc1 38.Rb7 Rc7 39.Rxa7 Rxa7 40.Rd8 Ke6 41.Ra8 Rxa8 42.Bxa8 Kd6 43.Bb7 a5
44.bxa5 Kc5 45.f3 Ne8 46.Kc3 Nd6 47.a6 Kb6 48.Kd4 Ne8 49.Ke5 Nc7 50.Kf5 b4
51.f4 Ka7 52.Kg6 Ne6 53.f5 Nd4 54.Bc8 Nb5 55.Kf7 e5 56.Ke7 e4 57.f6 e3 58.Bg4  1-0

[Event "Open A"]
[Site "Moscow RUS"]
[Date "2009.02.03"]
[Round "4"]
[White "Ajrapetjan,Y"]
[Black "Burmakin,V"]
[Result "1/2-1/2"]
[WhiteElo "2490"]
[BlackElo "2623"]

1.d4 d5 2.c4 c6 3.Nf3 Nf6 4.Nc3 a6 5.a4 e6 6.g3 Bb4 7.Bg2 O-O 8.O-O a5 9.Bf4 Nbd7
10.Qc2 Re8 11.Rfd1 Nf8 12.Ne5 Ng6 13.Bg5 Be7 14.e4 dxe4 15.Nxe4 Nxe4 16.Bxe7 Qxe7
17.Bxe4 f5 18.Bg2 c5 19.Nxg6 hxg6 20.d5 exd5 21.Bxd5+ Be6 22.Re1 Qf7 23.Bxe6 Rxe6
24.Qc3 Kf8  1/2-1/2

[Event "7th Gibtelecom Masters"]
[Site "Caleta ENG"]
[Date "2009.02.05"]
[Round "10"]
[White "Almond,R"]
[Black "Skage,O"]
[Result "1/2-1/2"]
[WhiteElo "2126"]
[BlackElo "1925"]

1.d4 d5 2.c4 c6 3.Nf3 Nf6 4.Nc3 a6 5.c5 Nbd7 6.Bf4 Nh5 7.e3 Nxf4 8.exf4 b5
9.b4 a5 10.a3 g6 11.Bd3 Bg7 12.O-O O-O 13.Re1 Nf6 14.Ne5 Qc7 15.Qf3 Bf5 16.g4 Bxd3
17.Qxd3 Nd7 18.Qg3 Nxe5 19.fxe5 f5 20.g5 f4 21.Qg4 Rf5 22.Ne2 Raf8 23.f3 e6
24.Nc1 a4 25.Nd3 Qe7 26.h4 Qf7 27.Ra2 h5 28.gxh6 Bxh6 29.Rg2 Kh7 30.Nf2 Rh5
31.Rh2 Rg8 32.Qg2 Bf8 33.Nh3 Be7 34.Ng5+ Bxg5 35.hxg5 Qf5 36.Qg4 Rxh2 37.Qxf5 gxf5
38.Kxh2 Rxg5 39.Rg1 Rh5+ 40.Kg2 Rg5+ 41.Kf2 Rxg1 42.Kxg1 Kh6 43.Kg2 Kg5 44.Kh3 Kh5
45.Kg2 Kh4 46.Kh2 Kh5  1/2-1/2

[Event "7th Gibtelecom Masters"]
[Site "Caleta ENG"]
[Date "2009.02.05"]
[Round "10"]
[White "Samuelsson,SG"]
[Black "Dunn,An1"]
[Result "0-1"]
[WhiteElo "2143"]
[BlackElo "2216"]

1.d4 d5 2.Nf3 Nf6 3.c4 c6 4.Nc3 a6 5.cxd5 cxd5 6.Bf4 Nc6 7.e3 Bg4 8.h3 Bxf3
9.Qxf3 e6 10.Bd3 Bd6 11.Bxd6 Qxd6 12.O-O O-O 13.a3 Rac8 14.Na4 e5 15.dxe5 Nxe5
16.Qe2 Nxd3 17.Qxd3 Ne4 18.Rac1 Rfd8 19.Qd4 h6 20.Rfd1 Rxc1 21.Rxc1 b5 22.Nc3 Rc8
23.Ne2 Rxc1+ 24.Nxc1 Qc6 25.Nd3 Qc4 26.f3 Nd2 27.Kf2 Nb3 28.Qxc4 dxc4 29.Nb4 Nc5
30.Ke2 Kf8 31.Kd2 Ke7 32.Kc3 Kd6 33.Nc2 Na4+ 34.Kb4 Nxb2 35.Ka5 Kc5 36.Kxa6 c3
37.e4 Nc4 38.f4 Nxa3 39.Nxa3 b4 40.Nb1 c2 41.Nd2 Kd4 42.e5 Kc3 43.Ne4+ Kd3
44.Nc5+ Kc4  0-1

[Event "14th HIT Open"]
[Site "Nova Gorica SLO"]
[Date "2009.02.05"]
[Round "7"]
[White "Cebalo,M"]
[Black "Stajner,S"]
[Result "1/2-1/2"]
[WhiteElo "2509"]
[BlackElo "2278"]

1.d4 d5 2.c4 c6 3.Nf3 Nf6 4.Nc3 a6 5.c5 Bf5 6.Bf4 Nbd7 7.e3 Nh5 8.Bd3 Nxf4
9.exf4 Bg4 10.O-O g6 11.h3 Bxf3 12.Qxf3 Bg7 13.Ne2 e6 14.Rad1 b6 15.b4 O-O
16.Qe3 a5 17.b5 bxc5 18.dxc5 cxb5 19.Bxb5 a4 20.Rb1 Qc7 21.Rfc1 Rfb8 22.Bxd7 Qxd7
23.c6 Qc7 24.Rxb8+ Rxb8 25.Nd4 Qb6 26.Nf3 Qxe3 27.fxe3 Kf8 28.Ne5 Bxe5 29.fxe5 Ke7
30.Kf2 f6 31.exf6+ Kxf6 32.Kg3 Rc8 33.c7 Ke5 34.Rc6 d4 35.exd4+ Kxd4 36.Kf3 Kd5  1/2-1/2

[Event "2nd Pfalz Open"]
[Site "Neustadt an der Weinstrasse GER"]
[Date "2009.02.19"]
[Round "6"]
[White "Greenfeld,A"]
[Black "Wirig,A"]
[Result "1/2-1/2"]
[WhiteElo "2548"]
[BlackElo "2464"]

1.Nf3 d5 2.d4 Nf6 3.c4 c6 4.Nc3 a6 5.a4 e6 6.g3 dxc4 7.Bg2 c5 8.dxc5 Qxd1+
9.Nxd1 Nbd7 10.c6 bxc6 11.Ne3 Bb7 12.Nd4 Rb8 13.O-O Bc5 14.Ndc2 Ne5 15.Na3 Bxa3
16.bxa3 c3 17.Rb1 O-O 18.Rb3 Nd5 19.Nxd5 cxd5 20.Bf4 f6 21.Rxc3 d4 22.Rc5 Bxg2
23.Kxg2 Rbc8 24.Rfc1 Rxc5 25.Rxc5 d3 26.exd3 Nxd3 27.Rc6 Nxf4+ 28.gxf4 Kf7
29.Rxa6  1/2-1/2

[Event "TCh-HUN 2008-9"]
[Site "Budapest HUN"]
[Date "2009.02.22"]
[Round "8"]
[White "Kerek,C"]
[Black "Farago,S"]
[Result "1-0"]
[WhiteElo "2293"]
[BlackElo "2251"]

1.d4 d5 2.c4 c6 3.Nf3 Nf6 4.Nc3 a6 5.e3 g6 6.Be2 Bg7 7.O-O O-O 8.Qb3 dxc4
9.Bxc4 b5 10.Be2 c5 11.dxc5 Nc6 12.Rd1 Qc7 13.e4 Qa7 14.Qc2 Be6 15.h3 Nb4
16.Qb1 Rac8 17.Be3 Nd7 18.Ng5 Bc4 19.c6 Nc5 20.Bxc4 bxc4 21.Rd7 Qb6 22.Na4 Qxc6
23.Nxc5 Nd3 24.Rxd3 cxd3 25.Qxd3 h6 26.Nf3 Rfd8 27.Qxa6 Qxa6 28.Nxa6 Rc2
29.Rb1 Ra8 30.Nb4 Rxb2 31.Rxb2 Bxb2 32.Bxh6 Ra4 33.Nd3 Bh8 34.e5 Rxa2 35.Be3 Ra1+
36.Kh2 Rd1 37.Nf4 Bg7 38.g4 Rb1 39.h4 Rb5 40.e6 f5 41.Nxg6 fxg4 42.Nxe7+ Kf8
43.Ng6+ Ke8 44.Ng5 Rb4 45.Nf7 Bf6 46.Nd6+ Kd8 47.Bg5 Bxg5 48.hxg5 Rb8 49.e7+ Kd7
50.e8=Q+  1-0

[Event "81st ch-StP"]
[Site "St Petersburg RUS"]
[Date "2009.02.23"]
[Round "7"]
[White "Goganov,A"]
[Black "Vysochin,S"]
[Result "1-0"]
[WhiteElo "2385"]
[BlackElo "2526"]

1.d4 d5 2.c4 c6 3.Nc3 Nf6 4.Nf3 a6 5.c5 g6 6.h3 Qc7 7.g3 Bg7 8.Bg2 O-O 9.O-O Bf5
10.Bf4 Qc8 11.Na4 Nbd7 12.Nh4 Be6 13.g4 Ne8 14.Bg3 f6 15.f4 Bf7 16.e4 dxe4
17.Bxe4 f5 18.gxf5 Nef6 19.Bc2 Qe8 20.fxg6 hxg6 21.f5 gxf5 22.Nxf5 Nh5 23.Qg4 Ndf6
24.Qg5 Nh7 25.Qg4 N7f6 26.Qh4 Nxg3 27.Qxg3 Bg6 28.Rae1 Bxf5 29.Rxf5 Qd7 30.Bb3+ Kh8
31.Rg5 Qxd4+ 32.Kh1 Nh7 33.Rg4 Qf6 34.Rg1 Qf3+ 35.Qxf3 Rxf3 36.Rxg7 Rxh3+
37.Kg2 Kxg7 38.Kxh3+ Kf6 39.Rf1+ Ke5 40.Re1+ Kf4 41.Rxe7 Ng5+ 42.Kg2 Rd8
43.Re2 Ne4 44.Nc3 Nxc5 45.Bc2 Rd4 46.Rf2+ Ke5 47.Kf1 Kd6 48.Ke2 Rh4 49.Kd2 b5
50.Re2 Kc7 51.Ne4 Ne6 52.Rf2 Nd4 53.Bd3 a5 54.Kc3 Ne6 55.Rf7+ Kb6 56.Nd6 Nf4
57.Be4 Kc5 58.Nb7+ Kb6 59.Nd8 Ne2+ 60.Kd3 Nc1+ 61.Kd4 Nxa2 62.Rb7+ Ka6 63.Kc5 Rh5+
64.Kxc6 Nb4+ 65.Kc7 Re5 66.Bc6 Re7+ 67.Bd7 Re5 68.Rb6+ Ka7 69.Rb7+ Ka6 70.Rb6+ Ka7
71.Nc6+ Nxc6 72.Kxc6 Re2 73.Rb7+ Ka6 74.Rb6+ Ka7 75.Rxb5 Rc2+ 76.Kd6 Ka6
77.Bc6 Rc4 78.Rb8 Ka7 79.Rb7+ Ka6 80.Bb5+ Kxb7 81.Bxc4 Kb6 82.Kd5 a4 83.Ke4  1-0

[Event "Spring"]
[Site "Mukachevo UKR"]
[Date "2009.02.25"]
[Round "5"]
[White "Molnar,P SVK"]
[Black "Karalkin,M"]
[Result "1-0"]
[WhiteElo "2285"]
[BlackElo "2190"]

1.d4 d5 2.Nf3 c6 3.c4 Nf6 4.Nc3 a6 5.a4 e6 6.g3 dxc4 7.Bg2 c5 8.dxc5 Qxd1+
9.Nxd1 Nc6 10.Ne3 Bxc5 11.Nxc4 Bd7 12.O-O Ke7 13.Nfe5 Rac8 14.Nd3 Ba7 15.b3 Nd5
16.Ba3+ Kf6 17.e4 Nc3 18.e5+ Kg6 19.Nd6 Ne2+ 20.Kh1 Rc7 21.Ra2 Ncd4 22.Re1 h6
23.Raxe2 Nxe2 24.Rxe2 f5 25.exf6 gxf6 26.Nf4+ Kg7 27.Rxe6 Rd8 28.Re7+ Kg8
29.Bd5+  1-0

[Event "25th Open"]
[Site "Cappelle la Grande FRA"]
[Date "2009.02.28"]
[Round "1"]
[White "Zubarev,Al1"]
[Black "Huerga Leache,M"]
[Result "1-0"]
[WhiteElo "2566"]
[BlackElo "2418"]

1.d4 d5 2.c4 c6 3.Nf3 Nf6 4.Nc3 a6 5.a4 e6 6.g3 a5 7.Bg2 Na6 8.O-O Be7 9.Re1 Nb4
10.e4 dxc4 11.Ne5 Nd3 12.Nxd3 cxd3 13.Qxd3 e5 14.d5 O-O 15.h3 Bc5 16.Be3 Qb6
17.Bxc5 Qxc5 18.Rec1 Qb4 19.dxc6 bxc6 20.Nd1 Bd7 21.Rc4 Qe1+ 22.Qf1 Qxf1+
23.Kxf1 Ne8 24.Ne3 Nc7 25.Rd1 Rfd8 26.Rc5 f6 27.Nc4 Ne6 28.Rxa5 Rxa5 29.Nxa5 c5
30.b3 Nd4 31.Rc1 Rb8 32.Ke1 Nxb3 33.Rb1 Be6 34.Bf1 c4 35.Bxc4 Bxc4 36.Nxc4 Rb7
37.Nd6 Rb6 38.a5 Rxd6 39.Rxb3 Rd4 40.Ra3 Rxe4+ 41.Kd2 Rc4 42.a6 Rc8 43.a7 Ra8
44.Kc3 Kf7 45.Kc4 Ke6 46.Kc5 f5 47.Kc6 f4 48.gxf4 exf4 49.Kb7 Rxa7+ 50.Kxa7 g5
51.Ra5 Kf6 52.f3 Kg6 53.Kb6 h5 54.Kc6  1-0

[Event "Bundesliga 2008-9"]
[Site "Eppingen GER"]
[Date "2009.03.01"]
[Round "13"]
[White "Nyback,T"]
[Black "Dautov,R"]
[Result "1-0"]
[WhiteElo "2634"]
[BlackElo "2601"]

1.d4 Nf6 2.c4 c6 3.Nc3 d5 4.Nf3 a6 5.c5 Bf5 6.Bf4 Nbd7 7.e3 e6 8.Nd2 Be7
9.Be2 Bg6 10.b4 Qc8 11.a4 O-O 12.h4 h6 13.g4 a5 14.bxa5 e5 15.dxe5 Ne8 16.g5 hxg5
17.hxg5 Nxc5 18.Bg4 Bf5 19.Bxf5 Qxf5 20.Qh5 f6 21.gxf6 Qxh5 22.Rxh5 gxf6
23.Ke2 Ng7 24.Rg1 Rxa5 25.Bh6 Ne6 26.Nb3 Rfa8 27.Nd4 Kf7 28.Bxg7 Nxg7 29.Rh7 Bf8
30.e6+ Kg8 31.Rgh1  1-0

[Event "FSIMA March"]
[Site "Budapest HUN"]
[Date "2009.03.08"]
[Round "2"]
[White "Bach,Mat"]
[Black "Vegh,E"]
[Result "0-1"]
[WhiteElo "2276"]
[BlackElo "2285"]

1.d4 d5 2.c4 c6 3.Nf3 Nf6 4.Nc3 a6 5.g3 dxc4 6.Bg2 g6 7.Ne5 Be6 8.O-O Bg7
9.e4 O-O 10.Be3 Nbd7 11.f4 Nxe5 12.dxe5 Ng4 13.Qxd8 Rfxd8 14.Bb6 Rd2 15.Nd1 f6
16.h3 Nh6 17.exf6 Bxf6 18.e5 Bg7 19.Rf2 Rd3 20.Ne3 Nf5 21.Nxf5 gxf5 22.Kh2 a5
23.Rc1 Ra6 24.Bc5 Rd7 25.Rcc2 Bd5 26.Rfd2 b5 27.g4 fxg4 28.hxg4 e6 29.Kg3 Ra8
30.a4 Rb7 31.axb5 Rxb5 32.Bd4 Rb3+ 33.Bc3 a4 34.Kh2 a3 35.bxa3 Raxa3 36.Bd4 Rg3
37.Bc5 Rab3 38.g5 h6 39.Be7 hxg5 40.Bxg5 Bxe5 41.fxe5 Rxg5 42.Re2 Rh5+ 43.Kg1 Rg3
44.Kf1 Rhg5  0-1

[Event "10th EICC"]
[Site "Budva MNE"]
[Date "2009.03.10"]
[Round "5"]
[White "Riazantsev,A"]
[Black "Iljushin,A"]
[Result "1/2-1/2"]
[WhiteElo "2634"]
[BlackElo "2564"]

1.d4 d5 2.c4 c6 3.Nf3 Nf6 4.Nc3 a6 5.c5 Nbd7 6.Bf4 Nh5 7.Bd2 Nhf6 8.Rc1 g6
9.h3 Bg7 10.Bf4 O-O 11.e3 Ne4 12.Bh2 f5 13.Be2 Qe8 14.O-O e5 15.Re1 g5 16.Nxe5  1/2-1/2

[Event "10th EICC"]
[Site "Budva MNE"]
[Date "2009.03.12"]
[Round "7"]
[White "Mikavica,D"]
[Black "Solic,K"]
[Result "1/2-1/2"]
[WhiteElo "2034"]
[BlackElo "2204"]

1.d4 d5 2.c4 c6 3.Nf3 Nf6 4.Nc3 a6 5.cxd5 cxd5 6.g3 Nc6 7.Bg2 e6 8.O-O Be7
9.Re1 O-O 10.e3 Bd7 11.a3 Rc8 12.Bd2 Na5 13.Ne5 Nc4 14.Nxc4 Rxc4 15.Bf1 Rc6
16.b4 b5 17.Rc1 Qb6 18.Bd3 Rfc8 19.Qe2 R6c7 20.Na2 Qd6 21.Rxc7 Rxc7 22.Nc1 Rc8
23.f4 Ne4 24.Nb3 f5 25.Nc5  1/2-1/2

[Event "10th EICC"]
[Site "Budva MNE"]
[Date "2009.03.12"]
[Round "7"]
[White "Belov,Vl"]
[Black "Iljushin,A"]
[Result "0-1"]
[WhiteElo "2627"]
[BlackElo "2564"]

1.d4 d5 2.c4 c6 3.Nc3 Nf6 4.Nf3 a6 5.c5 Nbd7 6.Bf4 Nh5 7.Bd2 Nhf6 8.Bf4 Nh5
9.Bg5 h6 10.Bd2 Nhf6 11.Bf4 g5 12.Bg3 Bg7 13.Qc2 Nh5 14.O-O-O g4 15.Nh4 e6
16.e4 O-O 17.f3 Nxg3 18.hxg3 b6 19.cxb6 Nxb6 20.fxg4 e5 21.dxe5 Bxg4 22.Be2 Nc4
23.Bxc4 Bxd1 24.Nxd1 Qg5+ 25.Kb1 dxc4 26.Nf5 Rae8 27.Nde3 Rxe5 28.Nxc4 Re6
29.a3 Rb8 30.Rh4 c5 31.e5 h5 32.g4 hxg4 33.Qe4 Rg6 34.Nce3 Re8 35.Nxg4 c4
36.g3 c3 37.Nxg7 Kxg7 38.Qh1 Qf5+ 39.Ka2 Rxg4  0-1

[Event "10th EICC"]
[Site "Budva MNE"]
[Date "2009.03.15"]
[Round "9"]
[White "Lysyj,I"]
[Black "Iljushin,A"]
[Result "1/2-1/2"]
[WhiteElo "2620"]
[BlackElo "2564"]

1.d4 d5 2.c4 c6 3.Nf3 Nf6 4.Nc3 a6 5.c5 Nbd7 6.Bf4 Nh5 7.Bd2 Nhf6 8.Bf4 Nh5
9.Bd2 Nhf6 10.Rc1 g6 11.h3 Bg7 12.Bf4 O-O 13.e3 Ne4 14.Nxe4 dxe4 15.Ng5 Nf6
16.Be5 Bh6 17.Bxf6 exf6 18.Nxe4 f5 19.Nd6 f4 20.e4 b6 21.Qf3 bxc5 22.dxc5 Rb8
23.Nxc8 Qa5+ 24.Qc3 Qxc3+ 25.Rxc3 Rfxc8 26.b3 Bg7 27.Rc2 a5 28.Bc4 Rd8 29.Ke2 Rd4
30.Rd1 Rxd1 31.Kxd1 Kf8 32.Ke2 Ke7 33.Kf3 Be5 34.Ke2 h5 35.Bd3 g5  1/2-1/2